Estatísticas para Campeões Campeonato Inglês

Clique aqui para jogar o quiz

Estatísticas Gerais

  • Esse quiz foi jogado 123 vezes
  • A pontuação média é 14 de 24

Estatísticas das Respostas

HintResposta% Correto
9Manchester City
100%
20Manchester United
100%
1Sheffield United
100%
6Chelsea
97%
19Liverpool
97%
13Arsenal
95%
2Tottenham Hotspur
87%
9Everton
83%
7Aston Villa
80%
1Notthingham Forest
78%
1Leicester City
73%
4Newcastle United
69%
3Wolverhampton
58%
3Leeds United
49%
6Sunderland
47%
3Blackburn Rovers
39%
2Burnley
36%
4Sheffield Wednesday
35%
2Preston North End
23%
2Portsmouth
22%
2Derby County
20%
1Ipswich Town
20%
3Huddersfiled Town
16%
1West Bronwich Albion
2%

Distribuição das Pontuações

Percentil de Números Respondidos

Porcentagem de Pessoas com Cada Pontuação

Sua Pontuação Histórica

Você não jogou esse quiz